| 000 | 00679nam a2200229Ia 4500 | ||
|---|---|---|---|
| 005 | 20250508160949.0 | ||
| 008 | 008 250505s9999 xx 000 0 eng d | ||
| 020 | _a0-03-008421-0 | ||
| 037 | _aTextual | ||
| 040 |
_aFEDL _beng _cFEDL |
||
| 041 |
_aeng _2eng |
||
| 084 |
_a155, END _qFEDL |
||
| 100 | _aEndler Norman S. Ed. | ||
| 245 | 0 | _aContemporary issues in developmental psychology | |
| 250 | _a2nd | ||
| 260 |
_aNew York, USA _bHolt, Rinehart and Winston _c1976 |
||
| 300 | _axiii,689p | ||
| 650 | _aDevelopmental psychology | ||
| 700 |
_a Boulter Lawrence R. Ed. Osser Harry Ed. _9769873 |
||
| 942 |
_cTEXL _h155, END |
||
| 999 |
_c1367650 _d1367650 |
||